[Event "POR-ch U16"]
[Site "Torres Vedras"]
[Date "2011.04.13"]
[Round "5"]
[White "Sequeira, Pedro Miguel D Sant"]
[Black "Andias, Joao Pedro Menezes"]
[Result "0-1"]
[WhiteElo "1453"]
[BlackElo "1916"]
[PlyCount "89"]
[EventDate "2011.03.28"]
[EventType "swiss"]
[EventRounds "7"]
[EventCountry "POR"]
[SourceTitle "EXT 2015"]
[Source "ChessBase"]
[SourceDate "2014.11.20"]
[SourceVersion "1"]
[SourceVersionDate "2014.11.20"]
[SourceQuality "1"]

1. e4 c5 2. c3 Nf6 3. e5 Nd5 4. d4 cxd4 5. cxd4 Nc6 6. Nf3 g6 7. Nc3 Nxc3 8. bxc3 Bg7 9. Bc4 0-0 10. 0-0 d6 11. exd6 Qxd6 12. Be3 Na5 13. Bd3 Be6 14. Qa4 Qc7 15. Rac1 Rfc8 16. Nd2 Nc4 17. Nxc4 Bxc4 18. Bxc4 Qxc4 19. Qxc4 Rxc4 20. Rc2 b5 21. a3 Rac8 22. Bd2 Bxd4 23. Rfc1 a5 24. Rb2 Bxc3 25. Bxc3 Rxc3 26. Rxc3 Rxc3 27. g3 Rxa3 28. Rxb5 Ra1+ 29. Kg2 a4 30. Ra5 a3 31. h4 Kg7 32. g4 Kf6 33. Kg3 a2 34. Kf3 h5 35. g5+ Ke6 36. Kg2 Kd6 37. Kh2 e5 38. Kg2 Ke6 39. f3 Kf5 40. Ra4 f6 41. gxf6 Kxf6 42. Kh2 g5 43. hxg5+ Kxg5 44. Kg2 Kf5 45. Kf2 0-1

[Event "POR-ch U16"]
[Site "Torres Vedras"]
[Date "2011.04.12"]
[Round "4"]
[White "Agapito, Luis Filipe Dinis"]
[Black "Sequeira, Pedro Miguel D Sant"]
[Result "1-0"]
[WhiteElo "1613"]
[BlackElo "1453"]
[PlyCount "55"]
[EventDate "2011.03.28"]
[EventType "swiss"]
[EventRounds "7"]
[EventCountry "POR"]
[SourceTitle "EXT 2015"]
[Source "ChessBase"]
[SourceDate "2014.11.20"]
[SourceVersion "1"]
[SourceVersionDate "2014.11.20"]
[SourceQuality "1"]

1. d4 d5 2. c4 Nc6 3. Nc3 dxc4 4. Bf4 e6 5. e3 Nf6 6. Bxc4 b6 7. Nf3 Bb7 8. a3 Be7 9. d5 Na5 10. Bb5+ c6 11. dxc6 Bxc6 12. b4 a6 13. bxa5 Bxb5 14. Nxb5 axb5 15. Qxd8+ Bxd8 16. axb6 Bxb6 17. Bd6 Ba5+ 18. Ke2 Rd8 19. Bb4 Bxb4 20. axb4 Ke7 21. Nd4 Rd5 22. Ra7+ Nd7 23. Rc1 Kf6 24. Rcc7 Ke7 25. Nc6+ Kd6 26. Rxd7+ Kxc6 27. Rxf7 g6 28. Ra6# 1-0

[Event "POR-ch U16"]
[Site "Torres Vedras"]
[Date "2011.04.11"]
[Round "2"]
[White "Dionizio, Cristiano Miguel N"]
[Black "Sequeira, Pedro Miguel D Sant"]
[Result "1/2-1/2"]
[WhiteElo "1770"]
[BlackElo "1453"]
[PlyCount "71"]
[EventDate "2011.03.28"]
[EventType "swiss"]
[EventRounds "7"]
[EventCountry "POR"]
[SourceTitle "EXT 2015"]
[Source "ChessBase"]
[SourceDate "2014.11.20"]
[SourceVersion "1"]
[SourceVersionDate "2014.11.20"]
[SourceQuality "1"]

1. e4 c5 2. Nf3 Nc6 3. d4 cxd4 4. Nxd4 a6 5. a4 e6 6. Bc4 Be7 7. 0-0 Qc7 8. Nc3 Nf6 9. Be3 0-0 10. f3 d6 11. Qe2 b6 12. Nxc6 Qxc6 13. b4 d5 14. exd5 exd5 15. Nxd5 Nxd5 16. b5 axb5 17. axb5 Qb7 18. Bxd5 Qxd5 19. c4 Qb7 20. Rxa8 Qxa8 21. Bxb6 Re8 22. Rd1 Be6 23. Be3 Qa4 24. Rc1 Rc8 25. b6 Rxc4 26. Rxc4 Bxc4 27. b7 Bxe2 28. b8Q+ Bf8 29. Bc5 Qd1+ 30. Kf2 Qf1+ 31. Kg3 Qe1+ 32. Kh3 h6 33. Qxf8+ Kh7 34. Qxf7 Qc3 35. Qf5+ Kh8 36. Qf8+ 1/2-1/2